| 000 | 01017nam a2200193Ia 4500 | ||
|---|---|---|---|
| 008 | 100122s9999 xx 000 0 und d | ||
| 082 |
_b41996 _a294.5925 |
||
| 100 | _aज्ञानेश्वर | ||
| 245 | _aश्री ज्ञानेश्वरांचे आत्मदर्शन अर्थात कार्य आणि तत्वज्ञान (क. क्र. 32/3 ) | ||
| 250 | _a0 | ||
| 260 |
_bन.वा.परुळेकर _c1982 |
||
| 300 | _a407 | ||
| 520 | _aज्ञानेश्वर | ||
| 620 | _aज्ञानेश्वर | ||
| 630 | _aश्री ज्ञानेश्वरांचे आत्मदर्शन अर्थात कार्य आणि तत्वज्ञान (क. क्र. 32/3 ) | ||
| 700 | _aसराफ | ||
| 730 | _aश्री ज्ञानेश्वरांचे आत्मदर्शन अर्थात कार्य आणि तत्वज्ञान (क. क्र. 32/3 ) | ||
| 942 | _cBOOK | ||
| 999 |
_c422452 _d422449 |
||